| 000 | 00335nam a2200109Ia 4500 | ||
|---|---|---|---|
| 008 | 200302s9999 xx 000 0 und d | ||
| 100 | _aGerhard Hausladen & Others | ||
| 245 | _aClimate Skin Building-skin Concepts that can do More with Less Energy | ||
| 260 | _bBirkhauser Publishers for Architecture | ||
| 260 | _c2006 | ||
| 300 | _a191 P., | ||
| 999 |
_c2727 _d2727 |
||